000 00658nam a2200289Ia 4500
005 20260324130149.0
008 008 260324s9999 xx 000 0 eng d
020 _a9780429062650
037 _aEBOOK
040 _aCRL
040 _beng
040 _cCRL
041 _2eng
041 _aeng
084 _qCRL
100 _aSteven H. Weintraub
_91180742
245 0 _aFactorization
245 0 _bUnique and Otherwise
260 _bTaylor and Francis
260 _c2008
365 _a
365 _b185
856 _uhttp://www.taylorfrancis.com/books/9780429062650
942 _cEBOOK
999 _c1776672
_d1776672